01179nam a2200277 a 4500001001300000003000900013005001700022008004100039020001800080040002800098043001200126082002200138100004600160240003800206245005500244260005700299300002900356490002800385505034400413586003100757650002500788650002100813650002200834650002300856650002200879C01480401c-9CO-ViMGA20230915224413.0150415s2014 ck gr 00010 spa d a9789585863750 aCO-ViMGAbspacCO-ViMGA as-ck---04aCo863.6 bG17o46 1 aGarcía Márquez, Gabriel, d1927-2014.10aMagdalena-Bibliografía regional00aOjos de perro azul / cGabriel García Márquez. aBogotá : bPenguin Random House Mondadori, c2014. a154 páginas ; c23 cm.1 aLiteratura Random House0 aLa tercera resignación ; La otra costilla de la muerte ; Eva está dentro de su gato ; Amargura para tres sonámbulos ; Diálogo del espejo ; La mujer que llegaba a las seis ; Nabo, el negro que hizo esperar a los ángeles ; Alguien desordena estas rosas ; La noche de los alcaravanes ; Monólogo de Isabel viendo llover en Macondo. aPremio Nobel de Literatura 4aCuentos colombianos. 4aGatosv Cuentos. 4aLluviav Cuentos. 4aMujeresv Cuentos. 4aPerrosv Cuentos.